[Event "Geraardsbergen op"]
[Site "Geraardsbergen"]
[Date "2003.08.15"]
[Round "3"]
[White "Vereecken, Peter"]
[Black "Van Ryssen, Johan"]
[Result "1-0"]
[WhiteElo "1719"]
[BlackElo "1599"]
[PlyCount "29"]
[EventDate "2003.08.??"]
[EventType "swiss"]
[EventRounds "7"]
[EventCountry "BEL"]
[SourceTitle "EXT 2005"]
[Source "ChessBase"]
[SourceDate "2004.11.15"]
[SourceVersion "1"]
[SourceVersionDate "2004.11.15"]
[SourceQuality "1"]

1. d4 g6 2. Nf3 Bg7 3. c4 d6 4. Nc3 Nf6 5. e4 0-0 6. Be2 Nc6 7. 0-0 e5 8. d5 Nd4 9. Nxd4 exd4 10. Qxd4 Ng4 11. Qd1 h5 12. h3 Nh6 13. Bf4 Qh4 14. Qd2 Kh7 15. Bg5 1-0